MARC details
| 000 -LEADER |
| fixed length control field |
01192nam a22002057a 4500 |
| 003 - CONTROL NUMBER IDENTIFIER |
| control field |
BDDh-ASL |
| 005 - DATE AND TIME OF LATEST TRANSACTION |
| control field |
20231015031332.0 |
| 008 - FIXED-LENGTH DATA ELEMENTS--GENERAL INFORMATION |
| fixed length control field |
230319s2018 b ||||| |||| 00| 0 b d |
| 040 ## - CATALOGING SOURCE |
| Original cataloging agency |
BDDh-ASL |
| Transcribing agency |
BDDh-ASL |
| 041 ## - LANGUAGE CODE |
| Language code of text/sound track or separate title |
bengali |
| 082 ## - DEWEY DECIMAL CLASSIFICATION NUMBER |
| Classification number |
923.808 |
| Item number |
BAN |
| 245 00 - TITLE STATEMENT |
| Title |
বঙ্গবন্ধু একুশ ও নির্বাচিত কবিতা / |
| 246 ## - VARYING FORM OF TITLE |
| Title proper/short title |
Bangabandhu Ekush O Nirbachito Kobita. / |
| 260 ## - PUBLICATION, DISTRIBUTION, ETC. |
| Place of publication, distribution, etc. |
ঢাকা : |
| Name of publisher, distributor, etc. |
উষার দুয়ার, |
| Date of publication, distribution, etc. |
২০১৮। |
| 300 ## - PHYSICAL DESCRIPTION |
| Extent |
৮০ পৃষ্ঠা: |
| Dimensions |
২২ সে.মি. |
| 650 #0 - SUBJECT ADDED ENTRY--TOPICAL TERM |
| Topical term or geographic name entry element |
বঙ্গবন্ধু (Bangabandhu) শেখ মুজিবুর রহমান (Sheikh Mujibur Rahman) |
| General subdivision |
মুক্তিযুদ্ধ (Muktijuddha) Liberation War |
| Geographic subdivision |
বাংলাদেশ (Bangladesh) |
| 9 (RLIN) |
4442 |
| 650 #0 - SUBJECT ADDED ENTRY--TOPICAL TERM |
| Topical term or geographic name entry element |
Bengali Poetry (বাংলা কাব্য), Bānlā kābya, কবিতা, Poetry, Kabitā, Kobita, ছড়া, Chaṛā, Rhyme কবিতা, কাব্য, kābya, পদ্য, Padya, Verse, কবিত্ব, গাথা, গান, গীতিকাব্য |
| 9 (RLIN) |
5991 |
| 700 1# - ADDED ENTRY--PERSONAL NAME |
| Personal name |
জেবউননেছা |
| Titles and other words associated with a name |
ড. |
| 9 (RLIN) |
8015 |
| 942 ## - ADDED ENTRY ELEMENTS (KOHA) |
| Source of classification or shelving scheme |
Dewey Decimal Classification |
| Koha item type |
Books |